| 000 | 00486nam a22001817a 4500 | ||
|---|---|---|---|
| 999 |
_c524030 _d524030 |
||
| 003 | NUST | ||
| 020 | _a- | ||
| 038 | _aZafar Malik | ||
| 082 |
_a891.421 _bNAJ |
||
| 100 |
_aNajmi, Muhammad Iqbal _914856 |
||
| 245 |
_aNaatia Hieko / _cMuhammad Iqbal Najmi |
||
| 260 |
_aGujranwala : _bFarogh Adab Academy ; _c1990 |
||
| 300 | _a112 p. ; | ||
| 500 | _aHardcover | ||
| 880 |
_6100-02\r _aمحمد اقبال نجمی |
||
| 880 |
_6245-02\r _aنغتیہ ہا ئیکو |
||
| 942 |
_2ddc _cBK |
||